Money and credit: their influence on jobs, prices, and growth / (Registro nro. 12169)

Detalles MARC
000 -LEADER
fixed length control field 01149nam a22002411 4500
001 - CONTROL NUMBER
control field 1222481
003 - CONTROL NUMBER IDENTIFIER
control field OSt
005 - DATE AND TIME OF LATEST TRANSACTION
control field 20210812103703.0
008 - FIXED-LENGTH DATA ELEMENTS--GENERAL INFORMATION
fixed length control field 720420s1961 njua 000 0 eng
040 ## - CATALOGING SOURCE
Original cataloging agency DLC
Transcribing agency CO-JMCR
041 0# - LANGUAGE CODE
Language code of text/sound track or separate title eng
082 04 - DEWEY DECIMAL CLASSIFICATION NUMBER
Classification number 332.0973 /
Item number C655m
Edition number 23
110 2# - MAIN ENTRY--CORPORATE NAME
Corporate name or jurisdiction name as entry element Commission on Money and Credit.
Relator term author
9 (RLIN) 39315
245 10 - TITLE STATEMENT
Title Money and credit: their influence on jobs, prices, and growth /
Statement of responsibility, etc. Commission on Money and Credit.
260 ## - PUBLICATION, DISTRIBUTION, ETC.
Place of publication, distribution, etc. Englewood Cliffs, N.J., :
Name of publisher, distributor, etc. Prentice-Hall,
Date of publication, distribution, etc. 1961.
300 ## - PHYSICAL DESCRIPTION
Extent xiv, 285 pages :
Other physical details black and white illustrations and graphics ;
Dimensions 21 cm.
500 ## - GENERAL NOTE
General note Includes table indexes.
505 ## - FORMATTED CONTENTS NOTE
Formatted contents note National economic goals. -- Monetary policy. -- The public debt. -- Fiscal policy. -- Private financial institutions. -- Federal credit programs. -- Federal credit programs. -- International monetary relations. -- The choice and combination of policy instruments. -- Organization and coordination for national economic goals.
650 14 - SUBJECT ADDED ENTRY--TOPICAL TERM
Topical term or geographic name entry element Currency question
Geographic subdivision United States.
9 (RLIN) 39316
650 24 - SUBJECT ADDED ENTRY--TOPICAL TERM
Topical term or geographic name entry element Finance
Geographic subdivision United States.
9 (RLIN) 38814
650 24 - SUBJECT ADDED ENTRY--TOPICAL TERM
Topical term or geographic name entry element Credit
Geographic subdivision United States.
9 (RLIN) 39317
942 ## - ADDED ENTRY ELEMENTS (KOHA)
Source of classification or shelving scheme Dewey Decimal Classification
Koha item type Books
Existencias
Withdrawn status Lost status Source of classification or shelving scheme Damaged status Not for loan Home library Current library Shelving location Date acquired Source of acquisition Full call number Barcode Date last seen Copy number Price effective from Koha item type
    Dewey Decimal Classification     Biblioteca Pública José María del Castillo y Rada Biblioteca Pública José María del Castillo y Rada General Stacks 04/15/2018 Donación 332.0973 / C655m 430002503 05/16/2024 Ej.1 03/10/2021 Books